| 000 | 00631nam a2200181Ia 4500 | ||
|---|---|---|---|
| 008 | 100920s9999 xx 000 0 und d | ||
| 082 |
_b24723 _a28 व 891,43 थ 69 |
||
| 100 | _a--- | ||
| 245 | _aजाट के घर पूजा. | ||
| 260 |
_bसूचना और प्रसारण मन्त्रालय, भारत सरकार. _c1969 |
||
| 300 |
_a59 _bसाधी |
||
| 365 | _b1.25 | ||
| 520 | _aबा.वि.हिंदी. | ||
| 630 | _aजाट के घर पूजा. | ||
| 650 | _aबा.वि.हिंदी. | ||
| 730 | _aजाट के घर पूजा. | ||
| 942 | _cBOOK | ||
| 999 |
_c682992 _d682989 |
||